[Event "Stay Safe Play From Home 391"]
[Site "Emanuel Lasker Arena"]
[Date "2020.08.18"]
[Round "8"]
[White "MihailoVujic"]
[Black "IceQueen"]
[Result "0-1"]
[WhiteElo "2134"]
[BlackElo "2345"]
[PlyCount "90"]
[EventDate "2020.08.18"]
[EventType "swiss (blitz)"]

1. d4 {[%emt 0:00:02]} Nf6 {[%emt 0:00:01]} 2. c4 {[%emt 0:00:00]} g6 {[%emt 0:00:00]} 3. Nf3 {[%emt 0:00:01]} Bg7 {[%emt 0:00:00]} 4. g3 {[%emt 0:00:00]} d6 {[%emt 0:00:00]} 5. Nc3 {[%emt 0:00:01]} O-O {[%emt 0:00:00]} 6. Bg2 {[%emt 0:00:01]} Nbd7 {[%emt 0:00:00]} 7. O-O {[%emt 0:00:01]} e5 {[%emt 0:00:00]} 8. d5 {[%emt 0:00:01]} Nc5 {[%emt 0:00:01]} 9. b4 {[%emt 0:00:02]} Nce4 {[%emt 0:00:01]} 10. Nxe4 {[%emt 0:00:01]} Nxe4 {[%emt 0:00:00]} 11. Bb2 {[%emt 0:00:01]} f5 {[%emt 0:00:01]} 12. Qc2 {[%emt 0:00:02]} a5 {[%emt 0:00:01]} 13. a3 {[%emt 0:00:01]} Nf6 {[%emt 0:00:01]} 14. Nd2 {[%emt 0:00:01]} e4 {[%emt 0:00:01]} 15. e3 {[%emt 0:00:01]} Bd7 {[%emt 0:00:00]} 16. Nb3 {[%emt 0:00:01]} Ba4 {[%emt 0:00:01]} 17. Qc3 {[%emt 0:00:04]} Nh5 {[%emt 0:00:01]} 18. Qc2 {[%emt 0:00:01]} Qe7 {[%emt 0:00:01]} 19. Bxg7 {[%emt 0:00:02]} Qxg7 {[%emt 0:00:00]} 20. Rab1 {[%emt 0:00:02]} axb4 {[%emt 0:00:00]} 21. axb4 {[%emt 0:00:01]} g5 {[%emt 0:00:00]} 22. Qd2 {[%emt 0:00:02]} Rae8 {[%emt 0:00:04]} 23. Nd4 {[%emt 0:00:01]} Bd7 {[%emt 0:00:01]} 24. c5 {[%emt 0:00:01]} f4 {[%emt 0:00:01]} 25. c6 {[%emt 0:00:02]} bxc6 {[%emt 0:00:01]} 26. dxc6 {[%emt 0:00:01]} Bc8 {[%emt 0:00:01]} 27. exf4 {[%emt 0:00:01]} gxf4 {[%emt 0:00:01]} 28. Qa2+ {[%emt 0:00:02]} Kh8 {[%emt 0:00:01]} 29. Rfd1 {[%emt 0:00:02]} e3 {[%emt 0:00:01]} 30. fxe3 {[%emt 0:00:01]} fxg3 {[%emt 0:00:01]} 31. Rf1 {[%emt 0:00:06]} gxh2+ {[%emt 0:00:01]} 32. Kh1 {[%emt 0:00:01]} Ng3+ {[%emt 0:00:01]} 33. Kxh2 {[%emt 0:00:01]} Nxf1+ {[%emt 0:00:00]} 34. Rxf1 {[%emt 0:00:01]} Qe5+ {[%emt 0:00:00]} 35. Kh1 {[%emt 0:00:01]} Rxf1+ {[%emt 0:00:01]} 36. Bxf1 {[%emt 0:00:01]} Qxe3 {[%emt 0:00:00]} 37. Qb2 {[%emt 0:00:01]} Qe5 {[%emt 0:00:01]} 38. Bg2 {[%emt 0:00:01]} Bg4 {[%emt 0:00:01]} 39. Kg1 {[%emt 0:00:01]} Rf8 {[%emt 0:00:01]} 40. b5 {[%emt 0:00:01]} Qe3+ {[%emt 0:00:01]} 41. Kh2 {[%emt 0:00:01]} Qh6+ {[%emt 0:00:00]} 42. Kg1 {[%emt 0:00:01]} Qg7 {[%emt 0:00:00]} 43. b6 {[%emt 0:00:01]} cxb6 {[%emt 0:00:00]} 44. Qxb6 {[%emt 0:00:01]} d5 {[%emt 0:00:01]} 45. c7 {[%emt 0:00:00]} Rc8 {[%emt 0:00:02]} 0-1

[Event "Stay Safe Play From Home 391"]
[Site "Emanuel Lasker Arena"]
[Date "2020.08.18"]
[Round "8"]
[White "TheCHESSHOUSE"]
[Black "Lamborghini"]
[Result "0-1"]
[WhiteElo "1962"]
[BlackElo "2342"]
[PlyCount "92"]
[EventDate "2020.08.18"]
[EventType "swiss (blitz)"]

1. d4 {[%emt 0:00:02]} Nf6 {[%emt 0:00:01]} 2. c4 {[%emt 0:00:01]} g6 {[%emt 0:00:00]} 3. Nc3 {[%emt 0:00:01]} Bg7 {[%emt 0:00:00]} 4. e4 {[%emt 0:00:01]} O-O {[%emt 0:00:01]} 5. Nf3 {[%emt 0:00:00]} d6 {[%emt 0:00:00]} 6. Be2 {[%emt 0:00:01]} Bg4 {[%emt 0:00:01]} 7. O-O {[%emt 0:00:00]} Nfd7 {[%emt 0:00:01]} 8. Be3 {[%emt 0:00:01]} c5 {[%emt 0:00:01]} 9. h3 {[%emt 0:00:03]} Bxf3 {[%emt 0:00:01]} 10. Bxf3 {[%emt 0:00:00]} Nc6 {[%emt 0:00:00]} 11. dxc5 {[%emt 0:00:01]} Bxc3 {[%emt 0:00:02]} 12. bxc3 {[%emt 0:00:02]} Nxc5 {[%emt 0:00:01]} 13. Bxc5 {[%emt 0:00:03]} dxc5 {[%emt 0:00:01]} 14. Qb3 {[%emt 0:00:01]} Rb8 {[%emt 0:00:01]} 15. Rfd1 {[%emt 0:00:02]} Qc7 {[%emt 0:00:01]} 16. Qb5 {[%emt 0:00:02]} b6 {[%emt 0:00:06]} 17. a4 {[%emt 0:00:02]} Rfd8 {[%emt 0:00:02]} 18. Be2 {[%emt 0:00:04]} Na5 {[%emt 0:00:04]} 19. Qb2 {[%emt 0:00:03]} Rxd1+ {[%emt 0:00:03]} 20. Rxd1 {[%emt 0:00:00]} Rd8 {[%emt 0:00:01]} 21. Qc2 {[%emt 0:00:02]} Rxd1+ {[%emt 0:00:01]} 22. Qxd1 {[%emt 0:00:00]} Qd6 {[%emt 0:00:00]} 23. Qc2 {[%emt 0:00:01]} e5 {[%emt 0:00:01]} 24. Kh2 {[%emt 0:00:01]} Kg7 {[%emt 0:00:01]} 25. h4 {[%emt 0:00:01]} h5 {[%emt 0:00:01]} 26. g3 {[%emt 0:00:01]} Qd7 {[%emt 0:00:02]} 27. Kg2 {[%emt 0:00:01]} Qc6 {[%emt 0:00:01]} 28. Kh2 {[%emt 0:00:02]} Qe6 {[%emt 0:00:01]} 29. Kg2 {[%emt 0:00:01]} Nxc4 {[%emt 0:00:01]} 30. Qd3 {[%emt 0:00:05]} Na5 {[%emt 0:00:02]} 31. Qa6 {[%emt 0:00:01]} Qd7 {[%emt 0:00:02]} 32. Bf3 {[%emt 0:00:01]} Nc6 {[%emt 0:00:03]} 33. Qb5 {[%emt 0:00:02]} Nb8 {[%emt 0:00:01]} 34. Qc4 {[%emt 0:00:01]} Kf6 {[%emt 0:00:01]} 35. a5 {[%emt 0:00:01]} Nc6 {[%emt 0:00:03]} 36. axb6 {[%emt 0:00:01]} axb6 {[%emt 0:00:00]} 37. Qb5 {[%emt 0:00:00]} Qc7 {[%emt 0:00:01]} 38. c4 {[%emt 0:00:01]} Ke7 {[%emt 0:00:00]} 39. Be2 {[%emt 0:00:01]} Nd4 {[%emt 0:00:01]} 40. Qb2 {[%emt 0:00:02]} Qc6 {[%emt 0:00:00]} 41. Bf3 {[%emt 0:00:01]} f5 {[%emt 0:00:01]} 42. exf5 {[%emt 0:00:01]} Qxf3+ {[%emt 0:00:01]} 43. Kh2 {[%emt 0:00:00]} Qxf5 {[%emt 0:00:00]} 44. f3 {[%emt 0:00:01]} Qxf3 {[%emt 0:00:01]} 45. Kh3 {[%emt 0:00:00]} Qf1+ {[%emt 0:00:01]} 46. Kh2 {[%emt 0:00:01]} Nf3# {[%emt 0:00:00] (Lag: Av=0.81s, max=2.1s) (Lag: Av=0.81s, max=2.1s) (Lag: Av=0.81s, max=2.1s)} 0-1

[Event "Stay Safe Play From Home 391"]
[Site "Emanuel Lasker Arena"]
[Date "2020.08.18"]
[Round "8"]
[White "Stefanone"]
[Black "Fat Kevin"]
[Result "0-1"]
[WhiteElo "1959"]
[BlackElo "1911"]
[PlyCount "42"]
[EventDate "2020.08.18"]
[EventType "swiss (blitz)"]

1. d4 {[%emt 0:00:01]} c5 {[%emt 0:00:01]} 2. e3 {[%emt 0:00:00]} d6 {[%emt 0:00:01]} 3. c3 {[%emt 0:00:01]} cxd4 {[%emt 0:00:00]} 4. exd4 {[%emt 0:00:01]} Nf6 {[%emt 0:00:00]} 5. f4 {[%emt 0:00:00]} g6 {[%emt 0:00:00]} 6. Nf3 {[%emt 0:00:00]} Bg7 {[%emt 0:00:00]} 7. Bc4 {[%emt 0:00:00]} O-O {[%emt 0:00:00]} 8. Qe2 {[%emt 0:00:01]} a6 {[%emt 0:00:00]} 9. O-O {[%emt 0:00:01]} b5 {[%emt 0:00:00]} 10. Bb3 {[%emt 0:00:01]} Bb7 {[%emt 0:00:00]} 11. Bc2 {[%emt 0:00:01]} Re8 {[%emt 0:00:02]} 12. Nbd2 {[%emt 0:00:00]} Nbd7 {[%emt 0:00:01]} 13. Ne4 {[%emt 0:00:01]} e5 {[%emt 0:00:02]} 14. Nxf6+ {[%emt 0:00:01]} Bxf6 {[%emt 0:00:00]} 15. fxe5 {[%emt 0:00:00]} dxe5 {[%emt 0:00:00]} 16. dxe5 {[%emt 0:00:00]} Nxe5 {[%emt 0:00:01]} 17. Nxe5 {[%emt 0:00:00]} Bxe5 {[%emt 0:00:01]} 18. Qf2 {[%emt 0:00:00]} Qc7 {[%emt 0:00:03]} 19. g3 {[%emt 0:00:02]} Bd6 {[%emt 0:00:01]} 20. Bb3 {[%emt 0:00:01]} Bc5 {[%emt 0:00:01]} 21. Be3 {[%emt 0:00:03]} Bxe3 {[%emt 0:00:02] Stefanone abbandona Stefanone abbandona Stefanone abbandona (Lag: Av=0.37s, max=0.5s) (Lag: Av=0.37s, max=0.5s) (Lag: Av=0.37s, max=0.5s)} 0-1

[Event "Stay Safe Play From Home 391"]
[Site "Emanuel Lasker Arena"]
[Date "2020.08.18"]
[Round "8"]
[White "Trotsky"]
[Black "AChessPlayer"]
[Result "0-1"]
[WhiteElo "1615"]
[BlackElo "2356"]
[PlyCount "46"]
[EventDate "2020.08.18"]
[EventType "swiss (blitz)"]

1. d4 {[%emt 0:00:01]} c5 {[%emt 0:00:01]} 2. e3 {[%emt 0:00:00]} cxd4 {[%emt 0:00:00]} 3. exd4 {[%emt 0:00:01]} d5 {[%emt 0:00:00]} 4. Be3 {[%emt 0:00:01]} Nc6 {[%emt 0:00:00]} 5. c4 {[%emt 0:00:01]} Nf6 {[%emt 0:00:01]} 6. Nc3 {[%emt 0:00:01]} g6 {[%emt 0:00:02]} 7. a3 {[%emt 0:00:01]} Bg7 {[%emt 0:00:01]} 8. Bd3 {[%emt 0:00:02]} O-O {[%emt 0:00:01]} 9. Qc2 {[%emt 0:00:01]} Be6 {[%emt 0:00:03]} 10. c5 {[%emt 0:00:02]} Rc8 {[%emt 0:00:01]} 11. Nf3 {[%emt 0:00:01]} a6 {[%emt 0:00:01]} 12. Ng5 {[%emt 0:00:01]} Bd7 {[%emt 0:00:01]} 13. h4 {[%emt 0:00:01]} h6 {[%emt 0:00:02]} 14. Bxg6 {[%emt 0:00:02]} fxg6 {[%emt 0:00:03]} 15. Qxg6 {[%emt 0:00:01]} Qe8 {[%emt 0:00:00]} 16. Qd3 {[%emt 0:00:01]} e5 {[%emt 0:00:03]} 17. O-O-O {[%emt 0:00:03]} e4 {[%emt 0:00:01]} 18. Qc2 {[%emt 0:00:02]} hxg5 {[%emt 0:00:01]} 19. hxg5 {[%emt 0:00:01]} Ng4 {[%emt 0:00:00]} 20. Rh4 {[%emt 0:00:02]} Qg6 {[%emt 0:00:01]} 21. Rdh1 {[%emt 0:00:04]} Nxe3 {[%emt 0:00:02]} 22. fxe3 {[%emt 0:00:06]} Be6 {[%emt 0:00:00]} 23. Qf2 {[%emt 0:00:01]} Rxf2 {[%emt 0:00:02] Trotsky Ñäàåòñÿ Trotsky Ñäàåòñÿ Trotsky Ñäàåòñÿ (Lag: Av=0.42s, max=0.6s) (Lag: Av=0.42s, max=0.6s) (Lag: Av=0.42s, max=0.6s)} 0-1

[Event "Stay Safe Play From Home 391"]
[Site "Emanuel Lasker Arena"]
[Date "2020.08.18"]
[Round "9"]
[White "AChessPlayer"]
[Black "Mepe_Nika"]
[Result "1-0"]
[WhiteElo "2357"]
[BlackElo "2422"]
[PlyCount "61"]
[EventDate "2020.08.18"]
[EventType "swiss (blitz)"]

1. Nf3 {[%emt 0:00:01]} d5 {[%emt 0:00:01]} 2. g3 {[%emt 0:00:00]} g6 {[%emt 0:00:01]} 3. Bg2 {[%emt 0:00:00]} Bg7 {[%emt 0:00:00]} 4. O-O {[%emt 0:00:00]} e5 {[%emt 0:00:00]} 5. d4 {[%emt 0:00:00]} e4 {[%emt 0:00:01]} 6. Nfd2 {[%emt 0:00:01]} Ne7 {[%emt 0:00:01]} 7. e3 {[%emt 0:00:01]} O-O {[%emt 0:00:01]} 8. c4 {[%emt 0:00:00]} c6 {[%emt 0:00:01]} 9. Nc3 {[%emt 0:00:00]} Be6 {[%emt 0:00:01]} 10. b3 {[%emt 0:00:02]} Qd7 {[%emt 0:00:01]} 11. f4 {[%emt 0:00:01]} exf3 {[%emt 0:00:01]} 12. Qxf3 {[%emt 0:00:01]} Bh3 {[%emt 0:00:02]} 13. Bb2 {[%emt 0:00:01]} Bxg2 {[%emt 0:00:02]} 14. Kxg2 {[%emt 0:00:02]} Qe6 {[%emt 0:00:01]} 15. Ne2 {[%emt 0:00:01]} Nd7 {[%emt 0:00:01]} 16. Nf4 {[%emt 0:00:00]} Qd6 {[%emt 0:00:01]} 17. a4 {[%emt 0:00:02]} Qc7 {[%emt 0:00:03]} 18. Ba3 {[%emt 0:00:01]} Rfe8 {[%emt 0:00:01]} 19. Bxe7 {[%emt 0:00:02]} Rxe7 {[%emt 0:00:01]} 20. cxd5 {[%emt 0:00:00]} Nf6 {[%emt 0:00:02]} 21. dxc6 {[%emt 0:00:02]} bxc6 {[%emt 0:00:00]} 22. Rac1 {[%emt 0:00:01]} Rae8 {[%emt 0:00:00]} 23. Rxc6 {[%emt 0:00:01]} Qa5 {[%emt 0:00:01]} 24. Nc4 {[%emt 0:00:01]} Qc3 {[%emt 0:00:03]} 25. Rxf6 {[%emt 0:00:01]} Bxf6 {[%emt 0:00:01]} 26. Nd5 {[%emt 0:00:00]} Qc2+ {[%emt 0:00:02]} 27. Rf2 {[%emt 0:00:00]} Qxf2+ {[%emt 0:00:03]} 28. Kxf2 {[%emt 0:00:02]} Bxd4 {[%emt 0:00:04]} 29. Nxe7+ {[%emt 0:00:01]} Rxe7 {[%emt 0:00:00]} 30. exd4 {[%emt 0:00:00]} Kg7 {[%emt 0:00:00]} 31. Ne5 {[%emt 0:00:01] Mepe_Nika resigns Mepe_Nika resigns Mepe_Nika resigns (Lag: Av=0.53s, max=1.7s) (Lag: Av=0.53s, max=1.7s) (Lag: Av=0.53s, max=1.7s)} 1-0

[Event "Stay Safe Play From Home 391"]
[Site "Emanuel Lasker Arena"]
[Date "2020.08.18"]
[Round "9"]
[White "Lamborghini"]
[Black "MihailoVujic"]
[Result "1-0"]
[WhiteElo "2346"]
[BlackElo "2126"]
[PlyCount "53"]
[EventDate "2020.08.18"]
[EventType "swiss (blitz)"]

1. e4 {[%emt 0:00:02]} e5 {[%emt 0:00:01]} 2. Nf3 {[%emt 0:00:01]} Nc6 {[%emt 0:00:00]} 3. Bb5 {[%emt 0:00:02]} a6 {[%emt 0:00:00]} 4. Ba4 {[%emt 0:00:01]} Nf6 {[%emt 0:00:00]} 5. O-O {[%emt 0:00:01]} Be7 {[%emt 0:00:00]} 6. Re1 {[%emt 0:00:01]} b5 {[%emt 0:00:00]} 7. Bb3 {[%emt 0:00:00]} O-O {[%emt 0:00:00]} 8. c3 {[%emt 0:00:00]} d5 {[%emt 0:00:00]} 9. d3 {[%emt 0:00:00]} Bb7 {[%emt 0:00:02]} 10. Qe2 {[%emt 0:00:01]} Bc5 {[%emt 0:00:03]} 11. Bg5 {[%emt 0:00:01]} dxe4 {[%emt 0:00:02]} 12. dxe4 {[%emt 0:00:01]} h6 {[%emt 0:00:00]} 13. Bh4 {[%emt 0:00:01]} Re8 {[%emt 0:00:03]} 14. Nbd2 {[%emt 0:00:01]} Na5 {[%emt 0:00:02]} 15. Bc2 {[%emt 0:00:01]} Bb6 {[%emt 0:00:01]} 16. Nf1 {[%emt 0:00:01]} Nc4 {[%emt 0:00:02]} 17. Ng3 {[%emt 0:00:01]} Nxb2 {[%emt 0:00:01]} 18. Nf5 {[%emt 0:00:01]} Nc4 {[%emt 0:00:02]} 19. Bb3 {[%emt 0:00:02]} c5 {[%emt 0:00:03]} 20. Rad1 {[%emt 0:00:02]} Qc8 {[%emt 0:00:09]} 21. Bxc4 {[%emt 0:00:01]} bxc4 {[%emt 0:00:02]} 22. Bxf6 {[%emt 0:00:01]} gxf6 {[%emt 0:00:02]} 23. Nxh6+ {[%emt 0:00:01]} Kf8 {[%emt 0:00:03]} 24. Nf5 {[%emt 0:00:02]} Qe6 {[%emt 0:00:08]} 25. Qe3 {[%emt 0:00:01]} Red8 {[%emt 0:00:09]} 26. Qh6+ {[%emt 0:00:02]} Ke8 {[%emt 0:00:01]} 27. Qh8# {[%emt 0:00:02] (Lag: Av=0.63s, max=1.0s) (Lag: Av=0.63s, max=1.0s) (Lag: Av=0.63s, max=1.0s)} 1-0

[Event "Stay Safe Play From Home 391"]
[Site "Emanuel Lasker Arena"]
[Date "2020.08.18"]
[Round "9"]
[White "TheCHESSHOUSE"]
[Black "NTBT_DHS"]
[Result "0-1"]
[WhiteElo "1958"]
[BlackElo "2521"]
[PlyCount "84"]
[EventDate "2020.08.18"]
[EventType "swiss (blitz)"]

1. d4 {[%emt 0:00:05]} g6 {[%emt 0:00:00]} 2. c4 {[%emt 0:00:00]} Bg7 {[%emt 0:00:00]} 3. d5 {[%emt 0:00:01]} Nf6 {[%emt 0:00:00]} 4. Nc3 {[%emt 0:00:00]} O-O {[%emt 0:00:00]} 5. e4 {[%emt 0:00:00]} c6 {[%emt 0:00:00]} 6. e5 {[%emt 0:00:00]} Ne8 {[%emt 0:00:00]} 7. e6 {[%emt 0:00:00]} dxe6 {[%emt 0:00:01]} 8. Nf3 {[%emt 0:00:02]} exd5 {[%emt 0:00:01]} 9. cxd5 {[%emt 0:00:01]} cxd5 {[%emt 0:00:01]} 10. Nxd5 {[%emt 0:00:01]} Nc6 {[%emt 0:00:00]} 11. Bc4 {[%emt 0:00:01]} Be6 {[%emt 0:00:01]} 12. O-O {[%emt 0:00:01]} Nd6 {[%emt 0:00:00]} 13. Bg5 {[%emt 0:00:01]} Nxc4 {[%emt 0:00:01]} 14. Nxe7+ {[%emt 0:00:01]} Nxe7 {[%emt 0:00:01]} 15. Qxd8 {[%emt 0:00:01]} Rfxd8 {[%emt 0:00:00]} 16. Bxe7 {[%emt 0:00:00]} Re8 {[%emt 0:00:00]} 17. Bb4 {[%emt 0:00:02]} Nxb2 {[%emt 0:00:01]} 18. Rab1 {[%emt 0:00:00]} Rac8 {[%emt 0:00:02]} 19. a3 {[%emt 0:00:01]} b6 {[%emt 0:00:01]} 20. h3 {[%emt 0:00:00]} Bf5 {[%emt 0:00:01]} 21. Rbe1 {[%emt 0:00:02]} Nd3 {[%emt 0:00:01]} 22. Rxe8+ {[%emt 0:00:01]} Rxe8 {[%emt 0:00:00]} 23. Bd2 {[%emt 0:00:00]} Nb2 {[%emt 0:00:01]} 24. Be3 {[%emt 0:00:00]} Nc4 {[%emt 0:00:01]} 25. Bc1 {[%emt 0:00:00]} Bd3 {[%emt 0:00:01]} 26. Rd1 {[%emt 0:00:01]} Be2 {[%emt 0:00:01]} 27. Rd7 {[%emt 0:00:00]} Bxf3 {[%emt 0:00:01]} 28. gxf3 {[%emt 0:00:00]} Re1+ {[%emt 0:00:00]} 29. Kg2 {[%emt 0:00:00]} Rxc1 {[%emt 0:00:00]} 30. Rd8+ {[%emt 0:00:00]} Bf8 {[%emt 0:00:00]} 31. Rxf8+ {[%emt 0:00:00]} Kxf8 {[%emt 0:00:01]} 32. h4 {[%emt 0:00:00]} Nxa3 {[%emt 0:00:01]} 33. h5 {[%emt 0:00:00]} Nc4 {[%emt 0:00:00]} 34. h6 {[%emt 0:00:01]} a5 {[%emt 0:00:01]} 35. f4 {[%emt 0:00:00]} a4 {[%emt 0:00:00]} 36. f5 {[%emt 0:00:00]} a3 {[%emt 0:00:00]} 37. fxg6 {[%emt 0:00:00]} fxg6 {[%emt 0:00:00]} 38. f3 {[%emt 0:00:01]} a2 {[%emt 0:00:00]} 39. f4 {[%emt 0:00:00]} a1=Q {[%emt 0:00:00]} 40. f5 {[%emt 0:00:00]} Qc3 {[%emt 0:00:01]} 41. Kf2 {[%emt 0:00:01]} Rc2+ {[%emt 0:00:00]} 42. Kf1 {[%emt 0:00:01]} Qa1# {[%emt 0:00:00] (Lag: Av=1.02s, max=1.4s) (Lag: Av=1.02s, max=1.4s) (Lag: Av=1.02s, max=1.4s)} 0-1

[Event "Stay Safe Play From Home 391"]
[Site "Emanuel Lasker Arena"]
[Date "2020.08.18"]
[Round "9"]
[White "Fat Kevin"]
[Black "Trotsky"]
[Result "1-0"]
[WhiteElo "1930"]
[BlackElo "1615"]
[Annotator "NA"]
[PlyCount "83"]
[EventDate "2020.08.18"]
[EventType "swiss (blitz)"]

1. d4 {[%emt 0:00:01]} d5 {[%emt 0:00:01]} 2. c4 {[%emt 0:00:00]} e6 {[%emt 0:00:00]} 3. Nc3 {[%emt 0:00:00]} c5 {[%emt 0:00:01]} 4. cxd5 {[%emt 0:00:00]} exd5 {[%emt 0:00:01]} 5. dxc5 {[%emt 0:00:00]} Bxc5 {[%emt 0:00:01]} 6. Nf3 {[%emt 0:00:00]} Be6 {[%emt 0:00:01]} 7. e3 {[%emt 0:00:01]} Nf6 {[%emt 0:00:02]} 8. Bb5+ {[%emt 0:00:00]} Nc6 {[%emt 0:00:01]} 9. O-O {[%emt 0:00:00]} Qc7 {[%emt 0:00:02]} 10. Nd4 {[%emt 0:00:01]} Bd6 {[%emt 0:00:01]} 11. Nxe6 {[%emt 0:00:03]} fxe6 {[%emt 0:00:01]} 12. e4 {[%emt 0:00:01]} d4 {[%emt 0:00:03]} 13. Ne2 {[%emt 0:00:03]} O-O-O {[%emt 0:00:01]} 14. f4 {[%emt 0:00:02]} h5 {[%emt 0:00:03]} 15. e5 {[%emt 0:00:01]} Ng4 {[%emt 0:00:02]} 16. exd6 {[%emt 0:00:02]} Qxd6 {[%emt 0:00:01]} 17. Bxc6 {[%emt 0:00:01]} bxc6 {[%emt 0:00:02]} 18. h3 {[%emt 0:00:01]} g5 {[%emt 0:00:01]} 19. hxg4 {[%emt 0:00:01]} hxg4 {[%emt 0:00:01]} 20. Bd2 {[%emt 0:00:11]} e5 {[%emt 0:00:05]} 21. fxg5 {[%emt 0:00:03]} Rh4 {[%emt 0:00:05]} 22. Ng3 {[%emt 0:00:01]} Rdh8 {[%emt 0:00:02]} 23. Nf5 {[%emt 0:00:01]} Qd5 {[%emt 0:00:05]} 24. Nxh4 {[%emt 0:00:02]} Rxh4 {[%emt 0:00:01]} 25. Rf8+ {[%emt 0:00:01]} Kb7 {[%emt 0:00:01]} 26. Qb3+ {[%emt 0:00:01]} Qb5 {[%emt 0:00:01]} 27. Qxb5+ {[%emt 0:00:01]} cxb5 {[%emt 0:00:01]} 28. Rf7+ {[%emt 0:00:01]} Ka6 {[%emt 0:00:02]} 29. g6 {[%emt 0:00:00]} Rh8 {[%emt 0:00:02]} 30. g7 {[%emt 0:00:01]} Rb8 {[%emt 0:00:02]} 31. Bh6 {[%emt 0:00:00]} Rg8 {[%emt 0:00:02]} 32. Rf6+ {[%emt 0:00:00]} Ka5 {[%emt 0:00:01]} 33. Rf8 {[%emt 0:00:00]} Rxg7 {[%emt 0:00:01]} 34. Bxg7 {[%emt 0:00:01]} Kb4 {[%emt 0:00:01]} 35. Bxe5 {[%emt 0:00:00]} a5 {[%emt 0:00:01]} 36. Bxd4 {[%emt 0:00:00]} Kc4 {[%emt 0:00:01]} 37. Rf4 {[%emt 0:00:00]} Kd3 {[%emt 0:00:01]} 38. Rxg4 {[%emt 0:00:00]} b4 {[%emt 0:00:01]} 39. Rg3+ {[%emt 0:00:00]} Ke4 {[%emt 0:00:01]} 40. Re1+ {[%emt 0:00:01]} Kd5 {[%emt 0:00:01]} 41. Rg4 {[%emt 0:00:01]} b3 {[%emt 0:00:01]} 42. Bc3 {[%emt 0:00:01] . . . Âðåìÿ Âðåìÿ Âðåìÿ (Lag: Av=0.30s, max=1.1s) (Lag: Av=0.30s, max=1.1s) (Lag: Av=0.30s, max=1.1s)} 1-0

[Event "Stay Safe Play From Home 391"]
[Site "Emanuel Lasker Arena"]
[Date "2020.08.18"]
[Round "9"]
[White "Myopix"]
[Black "Tran Minh Thang"]
[Result "0-1"]
[WhiteElo "1760"]
[BlackElo "2453"]
[PlyCount "72"]
[EventDate "2020.08.18"]
[EventType "swiss (blitz)"]

1. e4 {[%emt 0:00:01]} c5 {[%emt 0:00:01]} 2. Nf3 {[%emt 0:00:01]} e6 {[%emt 0:00:00]} 3. Nc3 {[%emt 0:00:01]} a6 {[%emt 0:00:00]} 4. d4 {[%emt 0:00:01]} cxd4 {[%emt 0:00:00]} 5. Nxd4 {[%emt 0:00:02]} d6 {[%emt 0:00:00]} 6. Qh5 {[%emt 0:00:03]} Nf6 {[%emt 0:00:01]} 7. Qe2 {[%emt 0:00:03]} b5 {[%emt 0:00:01]} 8. g3 {[%emt 0:00:04]} Bb7 {[%emt 0:00:01]} 9. Bg2 {[%emt 0:00:04]} Nbd7 {[%emt 0:00:01]} 10. Be3 {[%emt 0:00:02]} b4 {[%emt 0:00:01]} 11. Nd1 {[%emt 0:00:01]} Bxe4 {[%emt 0:00:01]} 12. f3 {[%emt 0:00:02]} Bd5 {[%emt 0:00:01]} 13. Nf2 {[%emt 0:00:03]} Ne5 {[%emt 0:00:00]} 14. O-O {[%emt 0:00:02]} Be7 {[%emt 0:00:01]} 15. Qd2 {[%emt 0:00:02]} O-O {[%emt 0:00:01]} 16. Qxb4 {[%emt 0:00:02]} Rb8 {[%emt 0:00:01]} 17. Qc3 {[%emt 0:00:02]} Bb7 {[%emt 0:00:03]} 18. f4 {[%emt 0:00:02]} Bxg2 {[%emt 0:00:01]} 19. Kxg2 {[%emt 0:00:01]} Nd5 {[%emt 0:00:01]} 20. Qd2 {[%emt 0:00:02]} Nc4 {[%emt 0:00:00]} 21. Qc1 {[%emt 0:00:02]} Ncxe3+ {[%emt 0:00:01]} 22. Kg1 {[%emt 0:00:01]} Nxf1 {[%emt 0:00:00]} 23. Kxf1 {[%emt 0:00:00]} Bf6 {[%emt 0:00:00]} 24. c3 {[%emt 0:00:01]} Bxd4 {[%emt 0:00:00]} 25. cxd4 {[%emt 0:00:01]} Qb6 {[%emt 0:00:00]} 26. a3 {[%emt 0:00:02]} Qxd4 {[%emt 0:00:01]} 27. b4 {[%emt 0:00:01]} Ne3+ {[%emt 0:00:01]} 28. Ke2 {[%emt 0:00:01]} Rfc8 {[%emt 0:00:02]} 29. Qd2 {[%emt 0:00:01]} Rc2 {[%emt 0:00:01]} 30. Rd1 {[%emt 0:00:01]} Rxd2+ {[%emt 0:00:01]} 31. Rxd2 {[%emt 0:00:01]} Qb6 {[%emt 0:00:01]} 32. Ke1 {[%emt 0:00:01]} Ng2+ {[%emt 0:00:01]} 33. Kf1 {[%emt 0:00:00]} Ne3+ {[%emt 0:00:02]} 34. Ke1 {[%emt 0:00:00]} Nc4 {[%emt 0:00:01]} 35. Rd3 {[%emt 0:00:01]} Nxa3 {[%emt 0:00:00]} 36. Kf1 {[%emt 0:00:01]} Qxb4 {[%emt 0:00:00] Myopix gibt auf Myopix gibt auf Myopix gibt auf (Lag: Av=0.61s, max=1.0s) (Lag: Av=0.61s, max=1.0s) (Lag: Av=0.61s, max=1.0s)} 0-1

[Event "Stay Safe Play From Home 391"]
[Site "Emanuel Lasker Arena"]
[Date "2020.08.18"]
[Round "9"]
[White "Haris kollari 13"]
[Black "IceQueen"]
[Result "0-1"]
[WhiteElo "1725"]
[BlackElo "2353"]
[Annotator "NA"]
[PlyCount "68"]
[EventDate "2020.08.18"]
[EventType "swiss (blitz)"]

1. e4 {[%emt 0:00:01]} c5 {[%emt 0:00:00]} 2. f4 {[%emt 0:00:01]} e6 {[%emt 0:00:00]} 3. Nf3 {[%emt 0:00:01]} Nc6 {[%emt 0:00:00]} 4. d4 {[%emt 0:00:02]} cxd4 {[%emt 0:00:01]} 5. Nxd4 {[%emt 0:00:00]} Nf6 {[%emt 0:00:00]} 6. Nc3 {[%emt 0:00:01]} Qb6 {[%emt 0:00:01]} 7. Nb3 {[%emt 0:00:02]} a5 {[%emt 0:00:01]} 8. Be2 {[%emt 0:00:02]} a4 {[%emt 0:00:01]} 9. Nd2 {[%emt 0:00:01]} Bb4 {[%emt 0:00:01]} 10. Nc4 {[%emt 0:00:04]} Qc7 {[%emt 0:00:02]} 11. Bd2 {[%emt 0:00:01]} d5 {[%emt 0:00:02]} 12. exd5 {[%emt 0:00:02]} exd5 {[%emt 0:00:00]} 13. Ne3 {[%emt 0:00:04]} d4 {[%emt 0:00:00]} 14. Ned5 {[%emt 0:00:07]} Nxd5 {[%emt 0:00:01]} 15. Nxd5 {[%emt 0:00:01]} Bxd2+ {[%emt 0:00:00]} 16. Kxd2 {[%emt 0:00:01]} Qd6 {[%emt 0:00:00]} 17. Nb6 {[%emt 0:00:04]} Qxf4+ {[%emt 0:00:01]} 18. Ke1 {[%emt 0:00:01]} Rb8 {[%emt 0:00:03]} 19. Qd3 {[%emt 0:00:03]} Bf5 {[%emt 0:00:03]} 20. Qc4 {[%emt 0:00:03]} O-O {[%emt 0:00:01]} 21. Rf1 {[%emt 0:00:01]} Qh4+ {[%emt 0:00:03]} 22. g3 {[%emt 0:00:03]} Qg5 {[%emt 0:00:02]} 23. Qd5 {[%emt 0:00:04]} g6 {[%emt 0:00:03]} 24. Rxf5 {[%emt 0:00:01]} Qxf5 {[%emt 0:00:01]} 25. Qxf5 {[%emt 0:00:01]} gxf5 {[%emt 0:00:00]} 26. Nd7 {[%emt 0:00:01]} Rbe8 {[%emt 0:00:01]} 27. Nxf8 {[%emt 0:00:01]} Kxf8 {[%emt 0:00:00]} 28. Kd2 {[%emt 0:00:01]} Nb4 {[%emt 0:00:01]} 29. Bd3 {[%emt 0:00:01]} Re5 {[%emt 0:00:04]} 30. Rf1 {[%emt 0:00:02]} Nxa2 {[%emt 0:00:02]} 31. Bxf5 {[%emt 0:00:03]} Nb4 {[%emt 0:00:01]} 32. Bd3 {[%emt 0:00:01]} Ke7 {[%emt 0:00:01]} 33. Re1 {[%emt 0:00:01]} Rxe1 {[%emt 0:00:02]} 34. Kxe1 {[%emt 0:00:01]} h6 {[%emt 0:00:00]} 0-1